Devine la ville célèbre en 3 mots #1 - Statistiques

Statistiques générales
  • Ce quiz a été pris 222 fois
  • Le résultat moyen est 9 sur 10
Statistiques - réponses
3 mots Série % Correct
Big Ben, Reine, Thames Londres
100%
Plage, Carnaval, Christ Rio de Janeiro
96%
Kremlin, Rouge, Vodka Moscou
95%
Opéra, Surf, Kangourou Sydney
95%
Hollywood, Soleil, Cinéma Los Angeles
94%
Gondoles, Canaux, Masques Venise
93%
Mur, Histoire, Art Berlin
92%
Parthénon, Ruines, Mythologie Athènes
90%
Médina, Souks, Désert Marrakech
67%
Temples, Épices, Culture New Delhi
46%
Aucun quiz correspondant
Distribution des résultats
% des personnes avec chaque résultat
Percentile par nombre de réponses
Votre historique - résultats
Vous n’avez pas pris ce quiz